[Event "GER-ch Net Amateur Gr-B Final"]
[Site "Playchess.com INT"]
[Date "2020.04.18"]
[Round "4"]
[White "Guder, Sibylle"]
[Black "Schmaelzle, Harald"]
[Result "1-0"]
[WhiteElo "1864"]
[BlackElo "1757"]
[PlyCount "63"]
[EventDate "2020.04.18"]
[EventType "swiss (blitz)"]
[EventRounds "13"]
[EventCountry "GER"]
[SourceTitle "CBM 195 Extra"]
[Source "ChessBase"]
[SourceDate "2020.05.31"]
[SourceVersion "1"]
[SourceVersionDate "2020.05.31"]
[SourceQuality "1"]

1. Nf3 e6 2. c4 d5 3. b3 c6 4. g3 Nf6 5. Bb2 g6 6. Bg2 Bg7 7. 0-0 b6 8. d3 Bb7 9. Nbd2 Nbd7 10. e4 dxe4 11. dxe4 0-0 12. e5 Ng4 13. Qe2 c5 14. h3 Nh6 15. g4 Kh8 16. Ne4 Bxe4 17. Qxe4 Rc8 18. Rfd1 Qe7 19. Rd6 Rfd8 20. Rad1 Nb8 21. R1d2 Ng8 22. Qf4 Qc7 23. Ng5 Nh6 24. Bf3 Kg8 25. Kg2 Qe7 26. Ne4 Na6 27. Nf6+ Kh8 28. a3 Ng8 29. g5 Qc7 30. Ne4 Ne7 31. Qxf7 Nf5 32. Qxc7 1-0

[Event "GER-ch Net Amateur Gr-B Vor3"]
[Site "Playchess.com INT"]
[Date "2020.04.16"]
[Round "1"]
[White "Schmitt, Ulrich"]
[Black "Schmaelzle, Harald"]
[Result "1-0"]
[WhiteElo "1562"]
[BlackElo "1708"]
[PlyCount "121"]
[EventDate "2020.04.16"]
[EventType "swiss (blitz)"]
[EventRounds "9"]
[EventCountry "GER"]
[SourceTitle "CBM 195 Extra"]
[Source "ChessBase"]
[SourceDate "2020.05.31"]
[SourceVersion "1"]
[SourceVersionDate "2020.05.31"]
[SourceQuality "1"]

1. c4 e6 2. Nc3 d5 3. cxd5 exd5 4. d4 c6 5. Nf3 Nf6 6. e3 Bd6 7. Be2 Bg4 8. Bd2 Nbd7 9. h3 Bh5 10. 0-0 0-0 11. Nh4 Bxe2 12. Qxe2 Re8 13. Nf3 Ne4 14. Rac1 Ndf6 15. a3 Rc8 16. Nxe4 Nxe4 17. Bc3 Bb8 18. Nd2 Qd6 19. g3 Qg6 20. Nxe4 Rxe4 21. Kg2 h5 22. f4 Rce8 23. Rf3 Qe6 24. Re1 f5 25. Qd3 Bc7 26. b4 a6 27. a4 h4 28. gxh4 Qf6 29. Qf1 Bd8 30. Rg3 Qxh4 31. Qf3 Bf6 32. Re2 Qh6 33. Kh2 Bh4 34. Rgg2 R8e6 35. Bb2 Qf6 36. Bc1 Qe7 37. Qh5 Bf6 38. Bb2 Qf7 39. Qxf7+ Kxf7 40. Rg3 Bh4 41. Rf3 Bf6 42. Kg2 Ke7 43. Kf2 Kd6 44. Ke1 b6 45. Kd1 c5 46. dxc5+ bxc5 47. Bxf6 gxf6 48. bxc5+ Kc6 49. Rb2 Rxa4 50. Rb6+ Kd7 51. Rb7+ Kc6 52. Rb6+ Kd7 53. Rb7+ Kc8 54. Ra7 Rc6 55. Rg3 Ra1+ 56. Kd2 Kb8 57. Rgg7 Ra2+ 58. Kd3 Ra3+ 59. Kd4 Ra4+ 60. Kxd5 Rc8 61. Rgb7# 1-0

[Event "GER-ch Net Amateur Gr-B Vor2"]
[Site "Playchess.com INT"]
[Date "2020.04.15"]
[Round "3"]
[White "Schmaelzle, Harald"]
[Black "Oddey, Dieter"]
[Result "1-0"]
[WhiteElo "1652"]
[BlackElo "1449"]
[PlyCount "133"]
[EventDate "2020.04.15"]
[EventType "swiss (blitz)"]
[EventRounds "9"]
[EventCountry "GER"]
[SourceTitle "CBM 196 Extra"]
[Source "ChessBase"]
[SourceDate "2020.07.31"]
[SourceVersion "1"]
[SourceVersionDate "2020.07.31"]
[SourceQuality "1"]

1. d4 c5 2. c3 cxd4 3. cxd4 g6 4. Nc3 Bg7 5. e3 Nf6 6. b3 a6 7. Bb2 0-0 8. Nf3 d6 9. g3 b5 10. Bg2 Bb7 11. 0-0 Nbd7 12. Rc1 Rc8 13. Qe2 Qb6 14. Rfd1 Ne4 15. Nxe4 Bxe4 16. Nd2 Bxg2 17. Kxg2 Nf6 18. Qf3 e6 19. Ne4 Nd5 20. Ng5 h6 21. Nh3 Qb7 22. e4 Nf6 23. Qe3 d5 24. e5 Ne4 25. f3 Ng5 26. Nxg5 hxg5 27. Qxg5 Kh7 28. Qd2 Bh6 29. f4 Rxc1 30. Rxc1 Rb8 31. Qc3 Bf8 32. Qc7 Be7 33. Rc6 Kg7 34. Bc3 b4 35. Bd2 a5 36. Kf2 Bd8 37. Qxb7 Rxb7 38. Ke2 Rc7 39. Rxc7 Bxc7 40. Kd3 f6 41. exf6+ Kxf6 42. Be1 g5 43. fxg5+ Kxg5 44. Ke3 Kg4 45. Kf2 e5 46. dxe5 Bxe5 47. Kg2 d4 48. h3+ Kh5 49. Kf3 Bf6 50. Bd2 Kg6 51. Bf4 Kf5 52. g4+ Ke6 53. g5 Bd8 54. Kg4 Bb6 55. Bd2 d3 56. h4 Bf2 57. h5 Kf7 58. Kf5 Bh4 59. g6+ Kg7 60. h6+ Kg8 61. Ke4 Bf6 62. Kxd3 Bb2 63. Ke4 Bf6 64. Kf5 Bd8 65. Bf4 Bb6 66. Be5 Be3 67. h7+ 1-0

[Event "GER-ch Net Amateur Gr-B Vor1"]
[Site "Playchess.com INT"]
[Date "2020.04.14"]
[Round "6"]
[White "Schmaelzle, Harald"]
[Black "Haubold, Sebastian Marcel"]
[Result "1-0"]
[WhiteElo "1683"]
[BlackElo "1633"]
[PlyCount "113"]
[EventDate "2020.04.14"]
[EventType "swiss (blitz)"]
[EventRounds "9"]
[EventCountry "GER"]
[SourceTitle "EXT 2021"]
[Source "ChessBase"]
[SourceDate "2020.10.23"]
[SourceVersion "1"]
[SourceVersionDate "2020.10.23"]
[SourceQuality "1"]

1. d4 Nf6 2. Nf3 g6 3. b3 Bg7 4. Bb2 0-0 5. e3 d6 6. Nbd2 Nbd7 7. g3 c6 8. Bg2 Qc7 9. 0-0 e5 10. dxe5 Nxe5 11. Nxe5 dxe5 12. Nf3 Nd5 13. c4 Nb6 14. Qe2 Re8 15. Rfd1 Bg4 16. h3 Bxf3 17. Bxf3 Rad8 18. Bg2 f5 19. Rxd8 Rxd8 20. Rd1 e4 21. Rxd8+ Qxd8 22. Ba3 Nd7 23. Qd2 Bf6 24. Qd6 Ne5 25. Qe6+ Kg7 26. Bd6 Nf7 27. c5 Nxd6 28. cxd6 Qe8 29. Qxe8 Bc3 30. d7 Bf6 31. d8Q Bxd8 32. Qxd8 b5 33. Bf1 a5 34. Qd7+ Kg8 35. Qxc6 b4 36. Bc4+ Kf8 37. Qf6+ Ke8 38. Be6 a4 39. h4 axb3 40. Kg2 bxa2 41. h5 gxh5 42. Qb2 b3 43. Bxb3 a1Q 44. Qxa1 f4 45. gxf4 h4 46. Qe5+ Kd8 47. Qxe4 h3+ 48. Kxh3 Kc7 49. Qd5 h5 50. f5 h4 51. f6 Kb6 52. f7 Kc7 53. Qe5+ Kb6 54. f8Q Kc6 55. Qfd6+ Kb7 56. Qee7+ Kc8 57. Qdd8# 1-0

[Event "GER-ch Net Amateur Gr-B Vor1"]
[Site "Playchess.com INT"]
[Date "2020.04.14"]
[Round "5"]
[White "Schmaelzle, Harald"]
[Black "Metzdorf, Matteo"]
[Result "0-1"]
[WhiteElo "1693"]
[BlackElo "1835"]
[PlyCount "98"]
[EventDate "2020.04.14"]
[EventType "swiss (blitz)"]
[EventRounds "9"]
[EventCountry "GER"]
[SourceTitle "EXT 2021"]
[Source "ChessBase"]
[SourceDate "2020.10.23"]
[SourceVersion "1"]
[SourceVersionDate "2020.10.23"]
[SourceQuality "1"]

1. d4 Nf6 2. Nf3 e6 3. Bg5 d5 4. e3 Be7 5. Bd3 0-0 6. Nbd2 c5 7. c3 Nc6 8. Qe2 b6 9. 0-0 Bb7 10. Ba6 Rb8 11. Bxb7 Rxb7 12. Rfe1 Rd7 13. Rad1 Ne4 14. Bxe7 Qxe7 15. Qd3 f5 16. Qe2 Rf6 17. g3 c4 18. Nxe4 fxe4 19. Nd2 b5 20. a3 Qe8 21. Rf1 Rdf7 22. f3 exf3 23. Rxf3 Rxf3 24. Nxf3 e5 25. Rf1 exd4 26. Nxd4 Nxd4 27. cxd4 Rxf1+ 28. Kxf1 Qe4 29. Qf2 Qd3+ 30. Kg1 c3 31. bxc3 Qxc3 32. Qf4 Qxa3 33. Qb8+ Kf7 34. Qf4+ Ke8 35. Qe5+ Qe7 36. Qb8+ Kf7 37. Qf4+ Qf6 38. Qc7+ Qe7 39. Qf4+ Kg6 40. h4 h5 41. Kh2 b4 42. Qf2 a5 43. Qc2+ Qe4 44. Qc6+ Kh7 45. Qc1 Qd3 46. Kh3 b3 47. Qc5 b2 48. Qxd5 Qg6 49. Qb5 b1Q 0-1